[Event "AUTO-ELITE-2055"]
[Site "http://www.queenalice.com/game.php?id=1549994"]
[Date "2018.11.21"]
[Round "1"]
[White "trompmaster"]
[Black "makibaque"]
[Result "1-0"]
[WhiteElo "2470"]
[BlackElo "2275"]

1. d4 d5 2. e4 dxe4 3. Nc3 Nf6 4. f3 exf3 5. Qxf3 g6 6. Bf4 Bg7 7. h3 O-O 8.
O-O-O c6 9. Bd3 Be6 10. Kb1 Nbd7 11. Nge2 Rc8 12. Be3 Nd5 13. Nxd5 Bxd5 14. Qf2
c5 15. dxc5 Qa5 16. c4 Bc6 17. Bc2 Qb4 18. b3 a5 19. Bd2 Qxc5 20. Be3 Qb4 21.
Bd2 Qd6 22. Rhe1 a4 23. Bc3 Qa3 24. Nd4 axb3 25. Bxb3 e6 26. Bb2 Qa7 27. Qe3 Nc5
28. Nxc6 Rxc6 29. Bxg7 Kxg7 30. h4 h5 31. g4 hxg4 32. h5 Qb6 33. h6+ Kh7 34. Qd4
Rg8 35. Qf6 Rc7 36. Kb2 Qc6 37. Re2 b5 38. Rc2 bxc4 39. Rxc4 Qg2+ 40. Rc2 Qf3
41. Qxf3 gxf3 42. Rf2 f5 43. Rxf3 g5 44. Re3 1-0

[Event "AUTO-ELITE-2055"]
[Site "http://www.queenalice.com/game.php?id=1549995"]
[Date "2018.11.21"]
[Round "1"]
[White "makibaque"]
[Black "trompmaster"]
[Result "1-0"]
[WhiteElo "2244"]
[BlackElo "2432"]

1. e4 c6 2. d4 d5 3. e5 c5 4. Nf3 e6 5. Nc3 Ne7 6. dxc5 Nec6 7. Bg5 Qa5 8. a3 a6
9. b4 Qc7 10. Be2 Nd7 11. O-O Ndxe5 12. Na4 Rb8 13. Nxe5 Qxe5 14. Bh4 Qd4 15.
Bg3 Qxd1 16. Raxd1 e5 17. Nb6 Bf5 18. Rxd5 f6 19. f4 Be6 20. Rdd1 Be7 21. fxe5
f5 22. Bc4 Bxc4 23. Nxc4 O-O 24. e6 Rbd8 25. Nd6 Rf6 26. Rde1 g6 27. c4 Rff8 28.
Nxb7 Rd7 29. exd7 1-0

[Event "AUTO-ELITE-2055"]
[Site "http://www.queenalice.com/game.php?id=1549998"]
[Date "2018.11.21"]
[Round "1"]
[White "capaputi"]
[Black "makibaque"]
[Result "0-1"]
[WhiteElo "2257"]
[BlackElo "2279"]

1. e4 d5 2. exd5 Qxd5 3. Nc3 Qd8 4. d4 Nf6 5. Nf3 Bg4 6. Be2 e6 7. Bg5 Nbd7 8.
h3 Bxf3 9. Bxf3 Rb8 10. O-O h6 11. Bh4 Bd6 12. d5 exd5 13. Re1+ Kf8 14. Nxd5 g5
15. Nxf6 Nxf6 16. Bg3 Bxg3 17. fxg3 c6 18. Re3 Qb6 19. Qd2 Kg7 20. Qf2 Qxb2 21.
Rf1 Rhd8 22. Be2 Rd6 23. Bd3 Qd4 24. Kh2 Re8 25. Rf3 Qxf2 26. R1xf2 Re7 27. g4
b6 28. g3 a5 29. Kg2 Nd5 30. h4 Ne3+ 31. Kh3 h5 32. Rxe3 hxg4+ 33. Kxg4 Rxe3 34.
hxg5 Rd4+ 35. Kh3 Ra4 36. Rf6 Re6 37. Rf4 Rxf4 38. gxf4 Re1 39. Kg4 Rg1+ 40. Kf5
Ra1 0-1

[Event "AUTO-ELITE-2055"]
[Site "http://www.queenalice.com/game.php?id=1549999"]
[Date "2018.11.21"]
[Round "1"]
[White "makibaque"]
[Black "capaputi"]
[Result "0-1"]
[WhiteElo "2284"]
[BlackElo "2243"]

1. e4 c5 2. Nf3 Nc6 3. d4 cxd4 4. Nxd4 Nf6 5. Nc3 d6 6. Bg5 e6 7. Bb5 Bd7 8. a3
Be7 9. Nf3 Qc7 10. O-O a6 11. Be2 O-O 12. Be3 b5 13. Qd2 Na5 14. Rfd1 Nc4 15.
Bxc4 bxc4 16. Bf4 Ne8 17. e5 d5 18. Nxd5 exd5 19. e6 Qb7 20. exd7 Nf6 21. Ne5
Nxd7 22. Qxd5 Qxd5 23. Rxd5 Nb6 24. Ra5 Bf6 25. Re1 Rfe8 26. Kf1 Re6 27. Rxa6
Rxa6 28. Bg3 Ra8 29. f4 Rae8 30. Bf2 Bxe5 31. fxe5 Nd7 0-1

[Event "AUTO-ELITE-2056"]
[Site "http://www.queenalice.com/game.php?id=1550242"]
[Date "2018.11.22"]
[Round "1"]
[White "makibaque"]
[Black "kookaburra"]
[Result "1-0"]
[WhiteElo "2290"]
[BlackElo "2326"]

1. e4 Nc6 2. Nf3 e5 3. Bb5 a6 4. Ba4 Nf6 5. O-O Be7 6. d3 b5 7. Bb3 d6 8. a4 b4
9. Be3 O-O 10. Nbd2 Na5 11. Ba2 Bd7 12. Nc4 Nc6 13. h3 h6 14. Ncd2 Na5 15. Qe2
c5 16. Nh4 Nc6 17. Ng6 Re8 18. f4 Nd4 19. Bxd4 cxd4 20. fxe5 dxe5 21. Nxe5 Be6
22. Bxe6 fxe6 23. Ndc4 Rc8 24. Ng6 b3 25. cxb3 Rb8 26. Qf3 Bc5 27. Rac1 Nd7 28.
Qf7+ Kh7 29. Nge5 Nxe5 30. Nxe5 Bd6 31. Qg6+ Kg8 32. Nf7 Qh4 33. Nxd6 Re7 34.
Rc8+ Rxc8 35. Nxc8 Rc7 36. Qxe6+ 1-0

[Event "AUTO-ELITE-2056"]
[Site "http://www.queenalice.com/game.php?id=1550243"]
[Date "2018.11.22"]
[Round "1"]
[White "kookaburra"]
[Black "makibaque"]
[Result "0-1"]
[WhiteElo "2340"]
[BlackElo "2265"]

1. e4 d5 2. exd5 Qxd5 3. c4 Qa5 4. Nc3 Nc6 5. d4 Bf5 6. Be3 Nf6 7. Nf3 Nb4 8.
Rc1 Nxa2 9. Ra1 Nxc3 10. bxc3 Qxc3+ 11. Bd2 Qb2 12. Qa4+ c6 13. Be2 Ne4 14. d5
Bd7 15. Qd1 Nc3 16. Bxc3 Qxc3+ 17. Nd2 g6 18. O-O Bg7 19. Rb1 Rb8 20. Rb3 Qa5
21. Re3 cxd5 22. Nb3 Qc7 23. Qxd5 Bc6 24. Qg5 Rd8 25. Re1 e5 26. f4 O-O 27. f5
h6 28. Qg4 a5 29. Bf1 Bd7 30. Bd3 a4 31. Nc1 e4 32. Bxe4 Rfe8 33. Bd5 Rxe3 34.
Rxe3 Qc5 35. Kf2 Re8 36. Bxf7+ Kxf7 0-1

[Event "AUTO-ELITE-2056"]
[Site "http://www.queenalice.com/game.php?id=1550244"]
[Date "2018.11.22"]
[Round "1"]
[White "makibaque"]
[Black "Sexxy_Bunny"]
[Result "0-1"]
[WhiteElo "2266"]
[BlackElo "2765"]

1. e4 c5 2. Nf3 d6 3. d4 cxd4 4. Qxd4 Nc6 5. Bb5 Bd7 6. Bxc6 Bxc6 7. Nc3 Nf6 8.
Bg5 e6 9. O-O Be7 10. Rad1 O-O 11. Qe3 Qc7 12. Nd4 a6 13. Nxc6 Qxc6 14. Qg3 Rac8
15. h4 Rfd8 16. Rd4 Kh8 17. Rfd1 Qb6 18. Bc1 h5 19. a3 Ng4 20. Rb4 Qc7 21. Rb3
b5 22. Bg5 Bxg5 23. hxg5 Qe7 24. Qh4 g6 25. Rd2 Kg7 26. Re2 Rc5 27. f3 Ne5 28.
Qf2 Kg8 29. f4 Ng4 30. Qf3 Qa7 31. Kh1 Rc4 32. g3 Qc5 33. Kg2 Kg7 34. Rb4 Rxb4
35. axb4 Qxb4 36. Nd1 Qd4 37. Qc3 Qxc3 38. Nxc3 b4 39. Nd1 a5 40. b3 f6 41.
gxf6+ Kxf6 42. Nb2 d5 43. exd5 exd5 44. Nd1 Rd7 45. Kf3 Rc7 46. Rd2 Ke6 47. Ke2
Kd6 0-1

[Event "AUTO-ELITE-2056"]
[Site "http://www.queenalice.com/game.php?id=1550245"]
[Date "2018.11.22"]
[Round "1"]
[White "Sexxy_Bunny"]
[Black "makibaque"]
[Result "1-0"]
[WhiteElo "2764"]
[BlackElo "2267"]

1. e4 c5 2. Nf3 Nc6 3. d4 cxd4 4. Nxd4 Nf6 5. Nc3 e5 6. Ndb5 d6 7. Bg5 a6 8. Na3
Be7 9. Nc4 Be6 10. Bxf6 Bxf6 11. Nxd6+ Kf8 12. Nc4 Qd4 13. Ne3 Rd8 14. Bd3 Bg5
15. Ned5 h5 16. h4 Be7 17. a3 Rh6 18. Nxe7 Nxe7 19. Qe2 Rf6 20. f3 Nc6 21. Qf2
Qd6 22. Rd1 Qe7 23. O-O Nd4 24. Ne2 Nc6 25. Ng3 Rf4 26. Nf5 Bxf5 27. exf5 Rfd4
28. Rde1 Kg8 29. Re4 R4d5 30. Qg3 Nd4 31. Re3 f6 32. f4 exf4 33. Qxf4 Qc5 34. b4
Qb6 35. Qf2 Qc7 36. c3 Nb5 37. Qf3 Nxa3 38. Rfe1 Qf7 39. Qe2 Re5 40. Rxe5 fxe5
41. Ra1 Qd7 42. Rd1 Qe7 43. f6 Qxf6 44. Rf1 1-0

[Event "AUTO-MASTER-2788"]
[Site "http://www.queenalice.com/game.php?id=1550391"]
[Date "2018.11.24"]
[Round "1"]
[White "brink2018"]
[Black "makibaque"]
[Result "1/2-1/2"]
[WhiteElo "2265"]
[BlackElo "2231"]

1. c4 d5 2. cxd5 Qxd5 3. Nc3 Qd8 4. d4 Nf6 5. Nf3 e6 6. Bg5 Be7 7. e3 h6 8. Bh4
O-O 9. Bd3 c5 10. O-O Nbd7 11. Rc1 cxd4 12. exd4 b6 13. Re1 Bb7 14. Qe2 Ne8 15.
Bxe7 Qxe7 16. d5 Nc5 17. dxe6 Nxe6 18. Be4 Rd8 19. Rcd1 Nf6 20. Bxb7 Qxb7 21.
Rxd8 Rxd8 22. Rd1 Nd5 23. g3 Nxc3 24. Rxd8+ Nxd8 25. bxc3 Ne6 26. Nd4 Qd5 27.
Nxe6 fxe6 28. Qa6 Qd7 29. a4 Kf7 1/2-1/2

[Event "AUTO-MASTER-2788"]
[Site "http://www.queenalice.com/game.php?id=1550392"]
[Date "2018.11.24"]
[Round "1"]
[White "makibaque"]
[Black "brink2018"]
[Result "1-0"]
[WhiteElo "2217"]
[BlackElo "2279"]

1. f4 d6 2. Nf3 Bg4 3. e4 d5 4. h3 Bxf3 5. Qxf3 dxe4 6. Qb3 e6 7. Qxb7 Nd7 8.
Qxe4 Ngf6 9. Qf3 Bd6 10. Bc4 Rb8 11. O-O O-O 12. d3 Nb6 13. Nd2 Nxc4 14. Nxc4
Bc5+ 15. Be3 Qe7 16. d4 Bb6 17. Ne5 Qb4 18. Nc6 1-0

[Event "AUTO-MASTER-2788"]
[Site "http://www.queenalice.com/game.php?id=1550413"]
[Date "2018.11.24"]
[Round "1"]
[White "ratorei"]
[Black "makibaque"]
[Result "0-1"]
[WhiteElo "2240"]
[BlackElo "2273"]

1. e4 e5 2. Nf3 Nc6 3. Bc4 Bc5 4. c3 Nf6 5. O-O d6 6. d4 exd4 7. cxd4 Bb6 8. d5
Ne5 9. Nxe5 dxe5 10. Bg5 O-O 11. Nc3 h6 12. Bh4 c6 13. h3 Bd4 14. Rb1 Qd6 15.
Bg3 Bxc3 16. bxc3 Nxe4 17. dxc6 Qxc6 18. Bd5 Qg6 19. Bxe4 Qxe4 20. Re1 Qc6 21.
Bxe5 Bf5 22. Rb2 Rae8 23. Re3 f6 24. Bd4 Rxe3 25. Bxe3 b6 26. Bd4 Be6 27. Qe2
Re8 28. Qh5 Bd5 29. Qg6 Re1+ 30. Kh2 Qe6 31. Rd2 Qd6+ 32. Qg3 Qxg3+ 33. Kxg3 Be6
34. Be3 Ra1 35. Rd6 Bxa2 36. Rd8+ Kh7 37. Ra8 Bd5 38. Bxb6 Bxa8 0-1

[Event "AUTO-MASTER-2788"]
[Site "http://www.queenalice.com/game.php?id=1550414"]
[Date "2018.11.24"]
[Round "1"]
[White "makibaque"]
[Black "ratorei"]
[Result "1-0"]
[WhiteElo "2204"]
[BlackElo "2240"]

1. c4 Nf6 2. d4 d6 3. Nf3 Bf5 4. Nc3 h6 5. g3 Nc6 6. d5 Nb4 7. Qa4+ Nc6 8. dxc6
bxc6 9. Nd4 Bd7 10. Nxc6 Qc8 11. Bg2 1-0

[Event "AUTO-ELITE-2059"]
[Site "http://www.queenalice.com/game.php?id=1551071"]
[Date "2018.11.29"]
[Round "1"]
[White "makibaque"]
[Black "jacconsultoria"]
[Result "0-1"]
[WhiteElo "2268"]
[BlackElo "2736"]

1. e4 c6 2. d4 d5 3. e5 Bf5 4. Nf3 e6 5. Be2 h6 6. O-O Nd7 7. c4 dxc4 8. Bxc4
Nb6 9. Bd3 Bxd3 10. Qxd3 Ne7 11. Nc3 Ned5 12. Ne4 Be7 13. Bd2 O-O 0-1

[Event "AUTO-ELITE-2059"]
[Site "http://www.queenalice.com/game.php?id=1551072"]
[Date "2018.11.29"]
[Round "1"]
[White "jacconsultoria"]
[Black "makibaque"]
[Result "1-0"]
[WhiteElo "2735"]
[BlackElo "2269"]

1. c4 Nf6 2. Nc3 d5 3. cxd5 Nxd5 4. Nf3 Nc6 5. g3 e5 6. Bg2 Nb6 7. O-O Be7 8. d3
O-O 9. a3 Be6 10. b4 a5 11. b5 Nd4 12. Rb1 f6 13. e3 Nxf3+ 14. Bxf3 Nd5 15. Na4
1-0

[Event "AUTO-ELITE-2059"]
[Site "http://www.queenalice.com/game.php?id=1551073"]
[Date "2018.11.29"]
[Round "1"]
[White "makibaque"]
[Black "CCapivara"]
[Result "1-0"]
[WhiteElo "2232"]
[BlackElo "2226"]

1. c4 e5 2. Nc3 d6 3. e4 f5 4. exf5 Bxf5 5. Nf3 Nf6 6. d4 e4 7. Nh4 Bg4 8. Be2
Bxe2 9. Qxe2 Qe7 10. Bg5 Nc6 11. Nd5 Qf7 12. Bxf6 gxf6 13. Qxe4+ Kd8 14. O-O Bh6
15. Nf5 Bg7 16. Rfe1 Kd7 17. Qg4 1-0

[Event "AUTO-ELITE-2059"]
[Site "http://www.queenalice.com/game.php?id=1551074"]
[Date "2018.11.29"]
[Round "1"]
[White "CCapivara"]
[Black "makibaque"]
[Result "0-1"]
[WhiteElo "2223"]
[BlackElo "2262"]

1. e4 e6 2. d4 d5 3. exd5 exd5 4. Nf3 Bg4 5. Bd3 Nc6 6. c3 Qf6 7. Nbd2 Qe6+ 8.
Be2 Bd6 9. O-O Nf6 10. Re1 O-O 11. Qb3 Rab8 12. h3 Bf5 13. Nf1 Rfe8 14. Bg5 Ne4
15. Bd3 Qd7 16. Be3 Bxh3 17. gxh3 Qxh3 18. N1h2 Re6 19. Kh1 Rh6 20. Bf1 Qxf3+
0-1